| 000 | 00819nam a2200241 i 4500 | ||
|---|---|---|---|
| 001 | 000032652 | ||
| 003 | DO-SdBNP | ||
| 005 | 20241121130023.0 | ||
| 007 | ta | ||
| 008 | 110725s1966 sp 000 0 spa d | ||
| 040 |
_aDO-SdBNP _bspa _cBNPHU _erda |
||
| 082 |
_axxx _bK96 _222 |
||
| 100 | 1 |
_aKurzman, Dan _eautor _958538 |
|
| 245 | 1 | 0 |
_aSanto Domingo : _bla revuelta de los condenados / _cDan Kurzman ; traducción Amparo García de Burgos. |
| 264 |
_aBarcelona, España : _bEdiciones Martínez Roca, _c1966. |
||
| 300 |
_a323 páginas ; _c21 cm. |
||
| 336 |
_ardacontent _btexto _2txt |
||
| 337 |
_ardamedia _bsin mediación _2n |
||
| 338 |
_ardacarrier _bvolumen _2nc |
||
| 534 |
_pTítulo original : _tSanto Domingo: Revolt of the damned |
||
| 700 | 1 |
_aGarcía de Burgos, Amparo, _etraductor _958539 |
|
| 942 |
_2ddc _cLBS1 |
||
| 999 |
_c32143 _d32143 |
||